[Event "Treviso U2100 op"]
[Site "Treviso"]
[Date "2005.12.08"]
[Round "5.15"]
[White "Casellato, Alberto"]
[Black "Reginato, Sabrina"]
[Result "0-1"]
[WhiteElo "1580"]
[BlackElo "1745"]
[PlyCount "70"]
[EventDate "2005.12.03"]
[EventType "swiss"]
[EventRounds "5"]
[EventCountry "ITA"]
[SourceTitle "EXT 2024"]
[Source "ChessBase"]
[SourceDate "2023.10.10"]
[SourceVersion "1"]
[SourceVersionDate "2023.10.10"]
[SourceQuality "1"]

1. Nf3 d5 2. g3 Nf6 3. Bg2 e6 4. d3 c5 5. 0-0 Nc6 6. Bf4 Bd6 7. Bxd6 Qxd6 8. Nbd2 0-0 9. Re1 a6 10. e4 Qc7 11. c3 b5 12. e5 Nd7 13. d4 Bb7 14. Qc2 Rac8 15. Rac1 h6 16. Nh4 Qb6 17. Qd3 cxd4 18. cxd4 Qxd4 19. Qxd4 Nxd4 20. Nb3 Nxb3 21. axb3 Rxc1 22. Rxc1 Nxe5 23. Rc7 Rb8 24. Bf1 d4 25. Be2 d3 26. Bd1 Bd5 27. Kf1 Rd8 28. Ke1 g5 29. f4 d2+ 30. Ke2 Ng6 31. Nf3 gxf4 32. gxf4 Nxf4+ 33. Ke3 Bxf3 34. Kxf3 Nd3 35. Rc2 Ne1+ 0-1

[Event "Treviso U2100 op"]
[Site "Treviso"]
[Date "2005.12.04"]
[Round "3.14"]
[White "Casellato, Alberto"]
[Black "Gallana, Marco"]
[Result "0-1"]
[WhiteElo "1580"]
[BlackElo "1829"]
[PlyCount "50"]
[EventDate "2005.12.03"]
[EventType "swiss"]
[EventRounds "5"]
[EventCountry "ITA"]
[SourceTitle "EXT 2024"]
[Source "ChessBase"]
[SourceDate "2023.10.10"]
[SourceVersion "1"]
[SourceVersionDate "2023.10.10"]
[SourceQuality "1"]

1. Nf3 Nf6 2. g3 d5 3. Bg2 Bf5 4. d3 e6 5. 0-0 Bd6 6. Nbd2 Nbd7 7. Re1 Bc5 8. h3 c6 9. d4 Bd6 10. c4 h6 11. cxd5 cxd5 12. Nf1 Rc8 13. Qb3 Rc7 14. N3d2 0-0 15. e4 Nxe4 16. Nxe4 Bxe4 17. Bxe4 dxe4 18. Rxe4 Nf6 19. Re2 Qd7 20. Bd2 Rfc8 21. Bc3 Nd5 22. Rc2 Rc6 23. Ne3 Rb6 24. Bb4 Rxb4 25. Rxc8+ Qxc8 0-1